Adaptačné a rozvojové procesy v slovenskom priemysle

Salvato in:
Dettagli Bibliografici
Autore principale: Majtán, Miroslav
Natura: Capitolo di libro
Lingua:slovacco
Tags: Aggiungi Tag
Nessun Tag, puoi essere il primo ad aggiungerne!!

MARC

LEADER 00000naa$a2200000$$$4500
001 0061488
005 20240502071706.4
041 0 |a slo 
044 |a SK 
245 1 0 |a Adaptačné a rozvojové procesy v slovenskom priemysle  |c Miroslav Majtán 
100 1 |a Majtán, Miroslav